| 000 | 00593cam a22002291 4500 | ||
|---|---|---|---|
| 001 | sa 64007719 | ||
| 003 | DLC | ||
| 005 | 20260227112049.0 | ||
| 008 | 890621s1962 ii b 000 0 tamo | ||
| 010 | _asa 64007719 | ||
| 035 | _a(OCoLC)19908118 | ||
| 040 |
_aDLC _cWaU _dDLC |
||
| 042 | _apremarc | ||
| 050 | 0 | 0 |
_aPL4751 _b.K6 |
| 100 | 1 |
_aKōtaṇṭarāman̲, Pi. _q(Pin̲ayūr), _d1896- |
|
| 245 | 1 | 0 | _aIlakkiyamum vimarican̲amum. |
| 260 | _c[1962] | ||
| 300 |
_aviii, 271 p. _c19 cm. |
||
| 500 | _aIn Tamil. | ||
| 504 | _aBibliography: p. [269]-270. | ||
| 650 | 0 | _aTamil philology. | |
| 999 |
_c60437 _d60437 |
||